LEADER 01000nam a2200253 4500 001 000000332010 003 CaOOAMICUS 005 20190116104436.0 008 190111s2003 fr 000 u fre r 020 $a2-228-88889-3 040 $aSeMil$bita 100 1 $aLaplantine, François.$0(OLS)http://semarc/name/108851 245 12$aL'anthropologie /$cFrançois Laplantine. 264 1$aParis :$bPayot & Rivages,$c2003. 300 $a242 p. ;$c17 cm 490 1 $aPetite bibliothèque Payot ;$v227 650 4$aAntropologia.$0(OLS)http://semarc/subject/617 830 0$aPetite bibliothèque Payot ;$v227.$0(OLS)http://semarc/title/42629 850 $aSeMil 852 $aSeMil$W1$xVenegono$y1$m3XB I 26$j211584$B223916$CSeMilBibl$Z2$F223916 $81 996 $6020$a2-228-88889-3$9(OLS)http://semarc/number/286171 996 $6245$aL'anthropologie$9(OLS)http://semarc/title/411253 996 $6264$aParis :$bPayot & Rivages$9(OLS)http://semarc/publisher/56235 LEADER 01224nam a2200277 i 4500 001 000000033881 003 CaOOAMICUS 005 20141119000000.0 008 141119s1988 it u000 u ita u 020 $a88-311-3611-9 040 $aSeMil$bita 100 1 $aRossé, Gérard,$d<1937- >.$0(OLS)http://semarc/name/15396 245 12$aL'ultima preghiera di Gesù :$bdal Vangelo di Giovanni /$cGérard Rossé. 260 $aRoma :$bCittà Nuova,$ccopyr. 1988. 300 $a195 p. ;$c20 cm. 490 0 $aCollana scritturistica di Città Nuova 500 $aContiene : Appendici tecniche ; Bibliografia. 650 4$aGesù Cristo - Preghiera.$0(OLS)http://semarc/subject/5396 650 4$aBibbia - NT - Giovanni, 17.$0(OLS)http://semarc/subject/5397 830 0$aCollana scritturistica di Città Nuova.$0(OLS)http://semarc/title/6118 850 $aSeMil 852 $aSeMil$W1$xVenegono$y1$m2Z II 232$j36$B36$CSeMilBibl$Z2$F36 $81 961 $aAcquisto: Città Nuova 996 $6020$a88-311-3611-9$9(OLS)http://semarc/number/1506 996 $6245$aL'ultima preghiera di Gesù :$bdal Vangelo di Giovanni$9(OLS)http://semarc/title/402331 996 $6260$aRoma :$bCittà Nuova$9(OLS)http://semarc/publisher/29609 LEADER 01297nam a2200289 i 4500 001 000000079807 003 CaOOAMICUS 005 20170515000000.0 008 170515s1973 it u000 u ita u 013 $a52045 040 $aSeMil$bita 100 1 $aMadinier, Gabriel.$0(OLS)http://semarc/name/43553 240 10$aConscience et amour.$0(OLS)http://semarc/title/403650 245 10$aCoscienza e giustizia /$cGabriel Madinier ; a cura di Elisa Lombardi Vallauri ; introduzione di Luigi Lombardi Vallauri. 260 $aMilano :$bGiuffrè,$c1973. 300 $aXXI, 133 p. ;$c21 cm. 490 0 $aCiviltà del diritto ;$v30 650 4$aFilosofia del diritto.$0(OLS)http://semarc/subject/2001 650 4$aEtica della giustizia - Filosofia.$0(OLS)http://semarc/subject/45267 700 1 $aLombardi Vallauri, Luigi.$0(OLS)http://semarc/name/40018 700 1 $aLombardi Vallauri, Elisa.$0(OLS)http://semarc/name/91290 830 0$aCiviltà del diritto ;$v30.$0(OLS)http://semarc/title/32679 850 $aSeMil 852 $aSeMil$W1$xVenegono$y1$m2H II 16$j45436$B45436$CSeMilBibl$Z2$F47404 $81 961 $aOmaggio: Conti don Ermenegildo 996 $6245$aCoscienza e giustizia$9(OLS)http://semarc/title/403649 996 $6260$aMilano :$bGiuffrè$9(OLS)http://semarc/publisher/29926